Black, White & Polka Dot (Record no. 166228)

MARC details
000 -LEADER
fixed length control field 00773nam a22002297a 4500
010 ## - LCCN (DPL NO)
LC control number B-213145
020 ## - INTERNATIONAL STANDARD BOOK NUMBER
International Standard Book Number 8170491738
Terms of availability Manas Publications
035 ## - SYSTEM CONTROL NUMBER
System control number B-213145
037 ## - SOURCE OF ACQUISITION
Stock number DBAD/PUB
082 ## - DEWEY DECIMAL CLASSIFICATION NUMBER
Edition number 2004
Classification number S
Item number 1+
100 ## - MAIN ENTRY--PERSONAL NAME
Personal name Jha,Aparna
Dates associated with a name Manas Publications
Fuller form of name 24 Ansari Road Darya Ganj Delhi-02
245 ## - TITLE STATEMENT
Title Black, White & Polka Dot
Statement of responsibility, etc Jha, Aparna
Medium English
246 ## - VARYING FORM OF TITLE
Title proper/short title ब्लैक वाइट & पोल्का डॉट
250 ## - EDITION STATEMENT
Edition statement 2004
260 ## - PUBLICATION, DISTRIBUTION, ETC. (IMPRINT)
Place of publication, distribution, etc 24, Ansari Road, Darya Ganj, New Delhi-110002
Name of publisher, distributor, etc Manas Publications
Date of publication, distribution, etc 2004
270 ## - ADDRESS
Address 4858, Prahlad Street, 24, Ansari Road, Darya Ganj, New Delhi-02
300 ## - PHYSICAL DESCRIPTION
Extent 128 pages;
Dimensions 22cm ;CB
600 ## - SUBJECT ADDED ENTRY--PERSONAL NAME
Dates associated with a name Jha, Aparna
700 ## - ADDED ENTRY--PERSONAL NAME
Personal name Jha, Aparna
760 ## - MAIN SERIES ENTRY
Edition 2004
942 ## - ADDED ENTRY ELEMENTS (KOHA)
Source of classification or shelving scheme Dewey Decimal Classification
Item type English Books
Edition 2004
Classification part S
Call number prefix JHA
Holdings
Withdrawn status Lost status Not for loan Collection code Home library Current library Date acquired Source of acquisition Cost, normal purchase price Full call number Barcode Copy number Cost, replacement price Koha item type
      Fiction Bawana Bawana 17/07/2019 Manas Publications 250.00 S B-213145 1 250.00 English Books

© Delhi Public Library
Hit Counter
free hit counter